Východiska, podmínky a strategie ve vzdělávání žáků s těžkým postižením na základní škole speciální = Bases, conditions and strategies for teaching pupils with severe disabilities in special schools / Hana Ošlejšková, Marie Vítková et al.
Record details
- ISBN: 978-80-210-6673-1
- Physical Description: 310 s. : il. ; 21 cm
- Edition: 1. vyd.
- Publisher: Brno : Masarykova univerzita, 2013
Content descriptions
| General Note: | 300 výt. |
| Bibliography, etc. Note: | Obsahuje bibliografie, bibliografické odkazy a rejstříky |
| Language Note: | Česká a anglická resumé |
Search for related items by subject
| Subject: | speciální pedagogika děti s tělesným postižením speciální vzdělávací potřeby speciální školy special education children with physical disabilities special educational needs special schools |
| Genre: | kolektivní monografie collective monographs |
Available copies
- 2 of 2 copies available at Common Catalog SPOK.
Holds
- 0 current holds with 2 total copies.
Show Only Available Copies
| Location | Call Number / Copy Notes | Barcode | Shelving Location | Status | Due Date |
|---|---|---|---|---|---|
| Jabok Library | PeS-3/O | 424480036493 | Odborná literatura | Available | - |
| Jabok Library | PeS-3/O | 424480037908 | Odborná literatura | Available | - |
| LDR | 02001nam a2200493 a 4500 | ||
|---|---|---|---|
| 001 | 19580 | ||
| 003 | CZ-PrJAB | ||
| 005 | 20150519115928.0 | ||
| 007 | ta | ||
| 008 | 140318s2013 xr a f 001 0 cze | ||
| 015 | . | ‡acnb002574353 | |
| 020 | . | ‡a978-80-210-6673-1 ‡q(brož.) | |
| 035 | . | ‡a(CZ PrNK)nkc20142574353 | |
| 035 | . | ‡a(OCoLC)879565281 | |
| 040 | . | ‡aOLA001 ‡bcze | |
| 041 | 0 | . | ‡acze ‡bcze ‡beng |
| 072 | 7. | ‡a376 ‡xVýchova a vzdělávání zvláštních skupin osob ‡2Konspekt ‡922 | |
| 080 | . | ‡a376 ‡2MRF | |
| 080 | . | ‡a316.344.6-056.26/.29-053.2 ‡2MRF | |
| 080 | . | ‡a37.04 ‡2MRF | |
| 080 | . | ‡a376.1 ‡2MRF | |
| 080 | . | ‡a(048.8:082) ‡2MRF | |
| 100 | 1 | . | ‡aOšlejšková, Hana, ‡d1956- ‡7mzk2008479452 ‡4aut |
| 245 | 1 | 0. | ‡aVýchodiska, podmínky a strategie ve vzdělávání žáků s těžkým postižením na základní škole speciální = ‡bBases, conditions and strategies for teaching pupils with severe disabilities in special schools / ‡cHana Ošlejšková, Marie Vítková et al. |
| 246 | 3 | 1. | ‡aBases, conditions and strategies for teaching pupils with severe disabilities in special schools |
| 250 | . | ‡a1. vyd. | |
| 260 | . | ‡aBrno : ‡bMasarykova univerzita, ‡c2013 | |
| 300 | . | ‡a310 s. : ‡bil. ; ‡c21 cm | |
| 500 | . | ‡a300 výt. | |
| 504 | . | ‡aObsahuje bibliografie, bibliografické odkazy a rejstříky | |
| 546 | . | ‡aČeská a anglická resumé | |
| 650 | 0 | 7. | ‡aspeciální pedagogika ‡7ph116230 ‡2czenas |
| 650 | 0 | 7. | ‡aděti s tělesným postižením ‡7ph116514 ‡2czenas |
| 650 | 0 | 7. | ‡aspeciální vzdělávací potřeby ‡7ph754025 ‡2czenas |
| 650 | 0 | 7. | ‡aspeciální školy ‡7ph116231 ‡2czenas |
| 650 | 0 | 9. | ‡aspecial education ‡2eczenas |
| 650 | 0 | 9. | ‡achildren with physical disabilities ‡2eczenas |
| 650 | 0 | 9. | ‡aspecial educational needs ‡2eczenas |
| 650 | 0 | 9. | ‡aspecial schools ‡2eczenas |
| 655 | 7. | ‡akolektivní monografie ‡7fd501537 ‡2czenas | |
| 655 | 9. | ‡acollective monographs ‡2eczenas | |
| 700 | 1 | . | ‡aVítková, Marie, ‡d1947- ‡7xx0001379 ‡4aut |
| 910 | . | ‡aABG312 | |
| 901 | . | ‡a19580 ‡b ‡c19580 ‡tbiblio | |